000 00762nam a2200289Ia 4500
005 20260324115404.0
008 008 260324s9999 xx 000 0 eng d
020 _a9780429506239
037 _aEBOOK
040 _aCRL
040 _beng
040 _cCRL
041 _2eng
041 _aeng
084 _qCRL
100 _aMusaida Mercy Manyuchi; Charles Mbohwa; Edison Muzenda
_91154474
245 0 _aResource Recovery from Municipal Sewage Plants
245 3 _bAn Energy-Water-Nutrients Nexus for Developing Countries
260 _bTaylor and Francis
260 _c2018
365 _a
365 _b135
856 _uhttp://www.taylorfrancis.com/books/9780429506239
942 _cEBOOK
999 _c1745325
_d1745325